000 00548nam a2200193Ia 4500
003 GCL
008 140319s9999 xx 000 0 ara d
040 _aGCL /
_cGCL
082 0 4 _aط
_b629.136
_bد ج
100 1 _aدار الشروق
245 1 0 _aجولة فى مطار دولى /
_cدار الشروق
300 _a29 ص
490 _aالهيئة العامة للاستعلامات
_v0
650 0 4 _aالطيران
650 0 4 _aالطائرات
650 0 4 _aالمطارات
650 0 4 _aالمطار الدولى
942 _2ddc
_cBK
999 _c51139
_d51139